Los guionistas en España /
Informe sobre las condiciones profesionales de los guionistas en España, basado en la información recogida en 477 encuestas contestadas por profesionales de los sectores fílmico, televisivo y publicitario, entre el 22 de octubre y el 5 de diciembre de 2003. El estudio fue impulsado por las organizac...
Guardado en:
| Andre forfattere: | , , , |
|---|---|
| Format: | Bog |
| Sprog: | spansk |
| Udgivet: |
Madrid, España :
Fundación Autor,
2004, c2004
|
| Fag: | |
| Tags: |
Ingen Tags, Vær først til at tagge denne postø!
|
MARC
| LEADER | 00000nam^a2200000^a^4500 | ||
|---|---|---|---|
| 001 | 000321272 | ||
| 005 | 20250521000000.0 | ||
| 009 | 20260310113537.212 | ||
| 020 | |a 84-8048-623-6 | ||
| 037 | |a Acervo ITESO - Biblioteca | ||
| 041 | |a ESP | ||
| 082 | |a 302. 230946 |b GUI | ||
| 245 | 0 | 4 | |a Los guionistas en España / |c Introd. de M. Gutiérrez Aragón ; presen. de A. Díaz Yanes, J.L. Acosta, V. Fernández-Tubau. |
| 264 | 4 | |a Madrid, España : |b Fundación Autor, |c 2004, c2004 | |
| 300 | |a 72 p. | ||
| 336 | |a texto |b txt |2 rdacontenido | ||
| 337 | |a sin mediación |b n |2 rdamedio | ||
| 338 | |a volumen |b nc |2 rdasoporte | ||
| 520 | |a Informe sobre las condiciones profesionales de los guionistas en España, basado en la información recogida en 477 encuestas contestadas por profesionales de los sectores fílmico, televisivo y publicitario, entre el 22 de octubre y el 5 de diciembre de 2003. El estudio fue impulsado por las organizaciones Autores Literarios de Medios Audiovisuales (ALMA) y Fundación Autor y desarrollado con la participación del Centro de Investigación del Mercado de Entretenimiento y la Cultura (CIMEC). Los resultados de la investigación confirmaron y superaron incluso las peores previsiones, referentes a que hay un consenso más o menos general en el campo audiovisual de que el guión es la base de todo proyecto, sin que ese reconocimiento genere una serie de consideraciones de diferente tipo hacia los profesionales del guionismo. | ||
| 649 | |a XX | ||
| 650 | |a Guionistas - |z España - |x Condiciones Laborales | ||
| 650 | |a Guionistas - |z España - |x Prácticas Profesionales | ||
| 650 | |a Guionistas - |z España - |x Encuestas - |x Tema Principal | ||
| 650 | |a Medios Audiovisuales - |z España - |x Historia - |y 1996-2004 | ||
| 650 | |a Medios Audiovisuales - |z España - |x Historia - |y Juan Carlos I, 1975-2014 | ||
| 650 | |a Medios Audiovisuales - |z España - |x Historia - |y Siglo XXI | ||
| 650 | |a Medios de Comunicación - |z España | ||
| 650 | |a Comunicación Masiva - |z España | ||
| 700 | |a Gutiérrez Aragón, Manuel |e (introducción) | ||
| 700 | |a Díaz Yanes, Agustín |e (presentación) | ||
| 700 | |a Acosta, José Luis |e (presentación) | ||
| 700 | |a Fernández-Tubau, Valentín |e (presentación) | ||
| 910 | |a Fondo General | ||
| 920 | |a Impresos - Libros | ||
| 930 | |a Colección General | ||
| 905 | |a 101 | ||
| 901 | |a 0500208260 |b IT1 |c ACC |i C131528 |u 20250521 | ||
| 902 | |a https://opac.biblio.iteso.mx/vufind/Record/000321272 | ||